Statistics for Bollywood Films 2013

Click here to take the quiz!

General Stats

  • This quiz has been taken 700 times
  • The average score is 7 of 24

Answer Stats

Hint Answer % Correct
First 3D Dance FilmABCD
77%
Deepika, Saif, JohnRace 2
61%
Most awaited Bike based movieDhoom 3
55%
Goa Based movieGo Goa Gone
45%
Hritik & KanganaKrrish 3
45%
Deepika RanbirYeh Jawaani Hai Deewani
45%
Akshay Kumar Bank RobberySpecial 26
39%
Biggest Earner movieChennai Express
31%
Movie based on Novel & CricketKai Po Che
30%
Ajay Devgn's super flop filmhimmatwala
29%
Imran Khan & Anushka (Dekho Magar Pyaar Se)Matru Ki Bijlee Ka Mandola
24%
Sunny Leoni's 2nd filmRagini MMS 2
22%
Emran Hashmi & Vidya BalanGhanchakkar
22%
Celebrating 100 years of Cinema filmBombay Talkies
20%
Romantic film of the yearAashiqui 2
19%
Best acted movie by FarhanBhag Milkha Bhag
19%
Poonam Pandey filmNasha
18%
John & kanganaShootout at Wadala
15%
Emran Hashmi's horror filmEk Thi Daayan
12%
Bipasha Basu in Horror FilmAatma
11%
Prakash Jha moiveSatyagrah
11%
Movie shot in Fiji3G
10%
Flop movie of Preity ZintaIshkq in Paris
6%
Taj AttackThe Attack of 26/11
3%

Score Distribution

Percentile by Number Answered

Percent of People with Each Score

Your Score History

You have not taken this quiz